000
00266nam a2200109Ia 4500
008
220204s9999 xx 000 0 und d
082
_a
681.14
_b
TWI
100
_a
Twitty, William B
245
0
_a
Unix on the IBM PC
260
_a
New Delhi
_b
Galgotia
_c
1987
942
_c
BK
999
_c
39703
_d
39703